| 000 | 01933cam a22003014a 4500 | ||
|---|---|---|---|
| 999 |
_c234974 _d234974 |
||
| 001 | 12356834 | ||
| 003 | Nust | ||
| 005 | 20170404105231.0 | ||
| 008 | 010323s2002 enkab b 001 0 eng | ||
| 010 | _a 2001021711 | ||
| 020 | _a0195139682 (alk. paper) | ||
| 040 |
_aDLC _cDLC _dDLC |
||
| 042 | _apcc | ||
| 050 | 0 | 0 | _b.E34 2002 |
| 082 | 0 | 0 |
_a333.95 ROE _221 |
| 100 | 1 | _aEeten, Michel van. | |
| 245 | 1 | 0 |
_aEcology, engineering, and management : _breconciling ecosystem rehabilitation and service reliability / _cMichel J.G. van Eeten, Emery Roe. |
| 260 |
_aOxford ; _aNew York : _bOxford University Press, _c2002. |
||
| 300 |
_ax, 268 p. : _bill., maps ; _c25 cm. |
||
| 500 | _aH.B | ||
| 504 | _aIncludes bibliographical references (p. 251-261). | ||
| 505 | 8 | _aMachine generated contents note: 1 The Paradox of the Rising Demand for Both a Better Environment and More Reliable Services 3 -- 2 The Paradox Introduced: Concepts and Cases 13 -- 3 Adaptive Management in a High Reliability Context: Hard Problems, Partial Responses 51 -- 4 Recasting the Paradox through a Framework of Ecosystem -- Management Regimes 85 -- 5 Ecosystems in Zones of Conflict: Partial Responses as an Emerging Management Regime 129 -- 6 Ecosystems in Zones of Conflict: The Case for Bandwidth Management 169 -- 7 The Paradox Resolved: A Different Case Study and the Argument Summarized 217. | |
| 650 | 0 | _aEcosystem management. | |
| 650 | 0 | _aEnvironmental policy. | |
| 700 | 1 | _aRoe, Emery. | |
| 856 | 4 | 1 |
_3Table of contents only _uhttp://www.loc.gov/catdir/toc/fy031/2001021711.html |
| 856 | 4 | 2 |
_3Publisher description _uhttp://www.loc.gov/catdir/enhancements/fy0612/2001021711-d.html |
| 906 |
_a7 _bcbc _corignew _d1 _eocip _f20 _gy-gencatlg |
||
| 942 |
_2ddc _cBK _k333.95 ROE |
||